ゴーサントオ改正後の国鉄特急列車名 - Statistics

General Stats
  • This quiz has been taken 342 times
  • The average score is 45 of 68
Answer Stats
Answer % Correct
雷鳥
92%
北斗
90%
あずさ
89%
しなの
87%
ひたち
87%
とき
86%
あさま
85%
ひだ
85%
かもめ
84%
富士
84%
くろしお
83%
にちりん
83%
はやぶさ
83%
出雲
81%
さくら
81%
つばさ
81%
おおぞら
80%
おき
79%
南紀
79%
やくも
79%
瀬戸
78%
白鳥
78%
あさかぜ
77%
いなほ
77%
しらさぎ
77%
南風
76%
はくたか
76%
わかしお
75%
あけぼの
74%
さざなみ
74%
みずほ
74%
やまびこ
74%
なは
73%
あかつき
72%
しおかぜ
72%
しおさい
72%
はくつる
72%
みどり
72%
ゆうづる
71%
日本海
70%
あやめ
69%
有明
69%
オホーツク
69%
はつかり
69%
まつかぜ
67%
はまかぜ
66%
あいづ
63%
つるぎ
61%
あさしお
58%
北陸
57%
彗星
56%
ひばり
54%
おおとり
52%
北越
51%
白山
50%
明星
47%
あまぎ
44%
紀伊
44%
やまばと
44%
金星
43%
加越
42%
北海
42%
いしかり
35%
北星
30%
みちのく
27%
おおよど
22%
そよかぜ
21%
北アルプス
17%
No matching quizzes found
Score Distribution
Percent of People with Each Score
Percentile by Number Answered
Your Score History
You have not taken this quiz